| 000 | 00655nam a2200181 a 4500 | ||
|---|---|---|---|
| 005 | 20140412111407.0 | ||
| 008 | 061208s19uu xx 00 eng d | ||
| 020 | _a0-439-51380-4 | ||
| 050 |
_aTR(GS 372.11 _bD54 2004 |
||
| 100 | _aDiffily, Deborah | ||
| 245 |
_aTeaching effective classroom routines : _bEstablish structure in the classroom to foster children's learning from the first day of school and all through the year / _cDeborah Diffily. |
||
| 260 |
_aUSA : _bScholastic, _c2004. |
||
| 300 | _a128 | ||
| 440 | _aScholastic teaching strategies | ||
| 500 | _aGrades K-2 | ||
| 650 | _aClassroom management--handbooks, manuals | ||
| 999 |
_c105591 _d105591 |
||